Secrets of snakes : the science beyond the myths

Enregistré dans:
Détails bibliographiques
Auteur principal: STEEN, David A.
Format: Livre
Langue:anglais
Publié: Texas A&M University Press 2019
Tags: Ajouter un tag
Pas de tags, Soyez le premier à ajouter un tag!

MARC

LEADER 00000nam a22000007a 4500
008 240220b |||||||| |||| 00| 0 eng d
020 |a 9781623497972  
100 |a STEEN, David A. 
245 |a Secrets of snakes  |b  : the science beyond the myths  |c  / David A. Steen  |g xvii, 164p;ill 
260 |b Texas A&M University Press  |c 2019  |h Texas, U.S.A  |i 699840  |i 699841  |l QL652.St3  |m Snakes--United States.  |m  Snakes--United States--Identification.   |m Snakes--United States--Miscellanea. 
500 |a it includes references and index 
942 |a lcc  |c BK  |e Johnson  |f 20/02/24 
952 |0 0  |1 0  |2 lcc  |4 0  |6 QL0652 S T3  |7 0  |9 4854  |a SL  |b HOL  |c QZ  |d 2024-02-20  |l 0  |o QL652.St3  |p 2024-0107  |r 2024-02-20 00:00:00  |t 699840  |w 2024-02-20  |y BK 
952 |0 0  |1 0  |2 lcc  |4 0  |6 QL0652 S T3  |7 0  |9 4855  |a HOL  |b HOL  |c QZ  |d 2024-02-20  |l 0  |o QL652.St3  |p 2024-0108  |r 2024-02-20 00:00:00  |t 699841  |w 2024-02-20  |y BK 
999 |c 2421  |d 2421